[Event "Santiago Oriental zt"]
[Site "Santiago"]
[Date "2024.01.22"]
[Round "3"]
[White "Lavigne Lopez, Raul Leonardo"]
[Black "Dieguez Alvarez, Mario Enrique"]
[Result "1/2-1/2"]
[WhiteElo "2194"]
[BlackElo "2340"]
[PlyCount "38"]
[EventDate "2024.01.21"]
[EventType "tourn"]
[EventRounds "9"]
[EventCountry "CUB"]
[SourceTitle "CB06_2024"]
[SourceDate "2024.02.07"]
[SourceVersion "1"]
[SourceVersionDate "2024.02.07"]
[SourceQuality "1"]

1. Nf3 Nf6 2. g3 g6 3. b3 Bg7 4. Bb2 b6 5. Bg2 Bb7 6. 0-0 0-0 7. c4 c5 8. d4 cxd4 9. Qxd4 d6 10. Nc3 Ne4 11. Qd3 Nxc3 12. Bxc3 Bxc3 13. Qxc3 Nd7 14. h4 Nf6 15. Ng5 Qc7 16. Bxb7 Qxb7 17. Qf3 Qxf3 18. Nxf3 Rac8 19. Rfe1 Ne4 1/2-1/2

[Event "Las Tunas Guerrero Memorial-A"]
[Site "Las Tunas"]
[Date "2020.02.16"]
[Round "1.1"]
[White "Dieguez Alvarez, Mario Enrique"]
[Black "Gallo Garcia, Kemel Antonio"]
[Result "1/2-1/2"]
[WhiteElo "2295"]
[BlackElo "2290"]
[PlyCount "28"]
[EventDate "2020.02.16"]
[EventType "tourn"]
[EventRounds "10"]
[EventCountry "CUB"]
[EventCategory "2"]
[SourceTitle "EXT 2023"]
[Source "ChessBase"]
[SourceDate "2022.10.05"]
[SourceVersion "1"]
[SourceVersionDate "2022.10.05"]
[SourceQuality "1"]

1. Nf3 g6 2. g3 Bg7 3. Bg2 d5 4. 0-0 e5 5. d3 Ne7 6. e4 0-0 7. exd5 Nxd5 8. Re1 Nc6 9. Na3 h6 10. Nc4 Re8 11. a4 Bf5 12. Nh4 Be6 13. Nf3 Bf5 14. Nh4 Be6 1/2-1/2

[Event "Carlos Torre Memorial op 31st"]
[Site "Merida"]
[Date "2019.12.15"]
[Round "4"]
[White "Fernandez Cardoso, Alexey"]
[Black "Dieguez Alvarez, Mario Enrique"]
[Result "1-0"]
[WhiteElo "2441"]
[BlackElo "2304"]
[PlyCount "63"]
[EventDate "2019.12.13"]
[EventType "swiss"]
[EventRounds "9"]
[EventCountry "MEX"]
[SourceTitle "CBM 193 Extra"]
[Source "ChessBase"]
[SourceDate "2020.01.31"]
[SourceVersion "1"]
[SourceVersionDate "2020.01.31"]
[SourceQuality "1"]

1. e4 c5 2. Nf3 e6 3. d4 cxd4 4. Nxd4 a6 5. Nc3 Qc7 6. f4 d6 7. Be3 b5 8. Bd3 Bb7 9. Qf3 Nf6 10. g4 Nfd7 11. 0-0-0 Nc6 12. Kb1 Be7 13. g5 Rc8 14. Qh3 Nxd4 15. Bxd4 e5 16. fxe5 dxe5 17. Be3 g6 18. Nd5 Bxd5 19. exd5 0-0 20. Qg2 Rfe8 21. h4 Bf8 22. Be4 Qd6 23. h5 Bg7 24. hxg6 hxg6 25. Rh4 Nc5 26. Bxc5 Rxc5 27. Rdh1 Rc4 28. Rh7 Kf8 29. Bd3 Rf4 30. Qh3 e4 31. Rxg7 Qe5 32. Qh8+ 1-0

[Event "Moncada Cup-B"]
[Site "Santiago de Cuba"]
[Date "2019.03.29"]
[Round "10.2"]
[White "Aguilera Rodriguez, Alfredo R"]
[Black "Dieguez Alvarez, Mario Enrique"]
[Result "1/2-1/2"]
[WhiteElo "2372"]
[BlackElo "2347"]
[PlyCount "32"]
[EventDate "2019.03.20"]
[EventType "tourn"]
[EventRounds "10"]
[EventCountry "CUB"]
[EventCategory "4"]
[SourceTitle "EXT 2023"]
[Source "ChessBase"]
[SourceDate "2022.10.05"]
[SourceVersion "1"]
[SourceVersionDate "2022.10.05"]
[SourceQuality "1"]

1. a3 Nf6 2. c4 g6 3. g3 Bg7 4. Bg2 0-0 5. Nf3 d6 6. 0-0 c5 7. Nc3 Nc6 8. d3 e5 9. Rb1 Bf5 10. b4 Qd7 11. b5 Nd4 12. Nxd4 exd4 13. Nd5 Nxd5 14. cxd5 Bh3 15. Bxh3 Qxh3 16. Bf4 Rad8 1/2-1/2

[Event "Moncada Cup-B"]
[Site "Santiago de Cuba"]
[Date "2019.03.28"]
[Round "9.2"]
[White "Dieguez Alvarez, Mario Enrique"]
[Black "Elias Reyes, Jorge Roberto"]
[Result "1/2-1/2"]
[WhiteElo "2347"]
[BlackElo "2328"]
[PlyCount "33"]
[EventDate "2019.03.20"]
[EventType "tourn"]
[EventRounds "10"]
[EventCountry "CUB"]
[EventCategory "4"]
[SourceTitle "EXT 2023"]
[Source "ChessBase"]
[SourceDate "2022.10.05"]
[SourceVersion "1"]
[SourceVersionDate "2022.10.05"]
[SourceQuality "1"]

1. e4 c5 2. Nf3 d6 3. d4 cxd4 4. Nxd4 Nf6 5. Nc3 g6 6. Be3 Bg7 7. f3 0-0 8. Qd2 Nc6 9. 0-0-0 d5 10. Nxc6 bxc6 11. exd5 Nxd5 12. Nxd5 cxd5 13. Qxd5 Qc7 14. Qc5 Qb7 15. Qb5 Qc7 16. Qc5 Qb7 17. Qb5 1/2-1/2

[Event "Moncada Cup-B"]
[Site "Santiago de Cuba"]
[Date "2019.03.26"]
[Round "7.1"]
[White "Dieguez Alvarez, Mario Enrique"]
[Black "Garcia Matos, Richard Alejandro"]
[Result "0-1"]
[WhiteElo "2347"]
[BlackElo "2334"]
[PlyCount "80"]
[EventDate "2019.03.20"]
[EventType "tourn"]
[EventRounds "10"]
[EventCountry "CUB"]
[EventCategory "4"]
[SourceTitle "EXT 2023"]
[Source "ChessBase"]
[SourceDate "2022.10.05"]
[SourceVersion "1"]
[SourceVersionDate "2022.10.05"]
[SourceQuality "1"]

1. Nf3 d5 2. g3 Nf6 3. Bg2 c6 4. 0-0 Bg4 5. b3 Nbd7 6. Bb2 a5 7. a3 Qb8 8. d3 e5 9. Nbd2 Bd6 10. h3 Bh5 11. Nh4 0-0 12. g4 Bg6 13. e3 Rd8 14. Nxg6 hxg6 15. c4 g5 16. cxd5 cxd5 17. h4 Nb6 18. hxg5 Nh7 19. Nf3 Qc7 20. g6 fxg6 21. d4 e4 22. Nh4 Qf7 23. f4 exf3 24. Nxf3 Qe6 25. Ne5 Nd7 26. Qf3 Ndf6 27. Nxg6 Ng5 28. Qe2 Nfe4 29. Nf4 Qh6 30. Bxe4 Nxe4 31. Kg2 Qh4 32. Qf3 Bxf4 33. Qxf4 Rf8 34. Qe5 Qxg4+ 35. Kh2 Qe2+ 36. Kg1 Qxe3+ 37. Kh2 Qe2+ 38. Kg1 Qg4+ 39. Kh2 Rad8 40. Rae1 Rf2+ 0-1

[Event "Moncada Cup-B"]
[Site "Santiago de Cuba"]
[Date "2019.03.24"]
[Round "5.2"]
[White "Dieguez Alvarez, Mario Enrique"]
[Black "Aguilera Rodriguez, Alfredo R"]
[Result "1/2-1/2"]
[WhiteElo "2347"]
[BlackElo "2372"]
[PlyCount "23"]
[EventDate "2019.03.20"]
[EventType "tourn"]
[EventRounds "10"]
[EventCountry "CUB"]
[EventCategory "4"]
[SourceTitle "EXT 2023"]
[Source "ChessBase"]
[SourceDate "2022.10.05"]
[SourceVersion "1"]
[SourceVersionDate "2022.10.05"]
[SourceQuality "1"]

1. e4 c5 2. Nf3 e6 3. d4 cxd4 4. Nxd4 Nc6 5. Nc3 Qc7 6. Be3 a6 7. Be2 Nf6 8. 0-0 Bb4 9. Na4 Be7 10. Nc3 Bb4 11. Na4 Be7 12. Nc3 1/2-1/2

[Event "Holguin Oriental zt"]
[Site "Holguin"]
[Date "2018.11.22"]
[Round "4"]
[White "Antunez, Soler Luis"]
[Black "Dieguez Alvarez, Mario Enrique"]
[Result "1/2-1/2"]
[WhiteElo "2156"]
[BlackElo "2322"]
[PlyCount "103"]
[EventDate "2018.11.19"]
[EventType "tourn"]
[EventRounds "11"]
[EventCountry "CUB"]
[EventCategory "4"]
[SourceTitle "EXT 2021"]
[Source "ChessBase"]
[SourceDate "2020.10.23"]
[SourceVersion "1"]
[SourceVersionDate "2020.10.23"]
[SourceQuality "1"]

1. e4 e5 2. Nf3 Nc6 3. d4 exd4 4. Nxd4 Bc5 5. Nb3 Bb6 6. Nc3 d6 7. Qe2 Nge7 8. Be3 0-0 9. 0-0-0 f5 10. f3 f4 11. Bxb6 axb6 12. Qd2 Be6 13. Bb5 Bxb3 14. cxb3 Ne5 15. Kb1 Kh8 16. h4 h5 17. Ne2 N7g6 18. Nd4 Qf6 19. Nf5 Ne7 20. Qxf4 Nxf5 21. exf5 Qxf5+ 22. Qxf5 Rxf5 23. Rd4 Nxf3 24. gxf3 Rxb5 25. Re1 Rf8 26. Re7 Rxf3 27. Rxc7 Rc5 28. Rxc5 dxc5 29. Rd5 Rf6 30. Rxh5+ Rh6 31. Rg5 Rxh4 32. Rg6 Rh6 33. Rg4 Rd6 34. Kc2 Kh7 35. Rh4+ Kg8 36. Rg4 g6 37. Kc3 Kg7 38. b4 Rd4 39. Rxd4 cxd4+ 40. Kxd4 Kf6 41. b5 Kf5 42. a4 Kf4 43. b4 g5 44. a5 g4 45. a6 bxa6 46. bxa6 g3 47. a7 g2 48. a8Q g1Q+ 49. Kc4 Qf1+ 50. Kc3 Qe1+ 51. Kb3 Qd1+ 52. Kc3 1/2-1/2

[Event "Migoya Memorial tt"]
[Site "Camaguey"]
[Date "2018.09.26"]
[Round "8.3"]
[White "Elias Reyes, Jorge Roberto"]
[Black "Dieguez Alvarez, Mario Enrique"]
[Result "1/2-1/2"]
[WhiteElo "2326"]
[BlackElo "2298"]
[PlyCount "80"]
[EventDate "2018.09.20"]
[EventType "team-tourn"]
[EventRounds "10"]
[EventCountry "CUB"]
[SourceTitle "EXT 2021"]
[Source "ChessBase"]
[SourceDate "2020.10.23"]
[SourceVersion "1"]
[SourceVersionDate "2020.10.23"]
[SourceQuality "1"]

1. c4 Nf6 2. g3 g6 3. Nc3 Bg7 4. Bg2 0-0 5. e4 d6 6. Nge2 c5 7. 0-0 Nc6 8. d3 a6 9. h3 Nd7 10. Be3 Nd4 11. f4 Rb8 12. a4 e6 13. Bf2 b6 14. Nxd4 cxd4 15. Ne2 e5 16. b4 a5 17. Be1 axb4 18. Bxb4 Nc5 19. Qc2 Ra8 20. fxe5 dxe5 21. a5 Be6 22. Rab1 Qc7 23. axb6 Qxb6 24. Bxc5 Qxc5 25. Rb5 Qa3 26. Rfb1 Rfc8 27. Qd2 h5 28. Kh2 Kh7 29. R1b3 Qa2 30. Rb2 Qa3 31. R2b3 Qe7 32. h4 Ra1 33. Ng1 Rca8 34. Nf3 Bh6 35. Qc2 Be3 36. Rxe5 Rc1 37. Qb2 Raa1 38. Ng5+ Qxg5 39. hxg5 Bg1+ 40. Kh1 Be3+ 1/2-1/2

[Event "Migoya Memorial tt"]
[Site "Camaguey"]
[Date "2018.09.25"]
[Round "5.2"]
[White "Dieguez Alvarez, Mario Enrique"]
[Black "Garcia Matos, Richard Alejandro"]
[Result "1-0"]
[WhiteElo "2298"]
[BlackElo "2327"]
[PlyCount "121"]
[EventDate "2018.09.20"]
[EventType "team-tourn"]
[EventRounds "10"]
[EventCountry "CUB"]
[SourceTitle "EXT 2021"]
[Source "ChessBase"]
[SourceDate "2020.10.23"]
[SourceVersion "1"]
[SourceVersionDate "2020.10.23"]
[SourceQuality "1"]

1. e4 c5 2. Nf3 d6 3. d4 Nf6 4. Nc3 cxd4 5. Nxd4 a6 6. Be3 e6 7. f3 b5 8. Qd2 b4 9. Na4 Nbd7 10. Bc4 Ne5 11. Bb3 Rb8 12. 0-0 Bd7 13. c3 a5 14. Qe2 Be7 15. c4 0-0 16. Rac1 Qe8 17. Qd1 h5 18. h3 h4 19. Rf2 Ng6 20. Rd2 e5 21. Ne2 Bxa4 22. Bxa4 Qc8 23. Qe1 Rd8 24. b3 Qc7 25. Qf2 Nh5 26. Rd5 Nhf4 27. Nxf4 Nxf4 28. Bxf4 exf4 29. Kh2 Ra8 30. Rcd1 Bf6 31. Qd2 Qe7 32. Kh1 g5 33. Rb5 Ra6 34. Qd5 Rda8 35. Rb7 Qe6 36. Qxe6 fxe6 37. Bd7 Kf8 38. Bxe6 Be5 39. Rf7+ Ke8 40. Rf5 Ke7 41. Bd5 Rf8 42. Rxg5 Bc3 43. Rh5 a4 44. Rxh4 axb3 45. axb3 Ra3 46. Rh7+ Kf6 47. Rh6+ Ke7 48. Rb1 Rc8 49. Kh2 Rc5 50. h4 Rca5 51. h5 Ra2 52. Re6+ Kd7 53. Rg6 Rf2 54. h6 Raa2 55. Kh3 Rad2 56. h7 Kc7 57. Rc1 Bd4 58. Re1 Be5 59. Rg8 Rb2 60. c5 dxc5 61. Rg1 1-0

[Event "Migoya Memorial tt"]
[Site "Camaguey"]
[Date "2018.09.24"]
[Round "4.2"]
[White "Perez Leiva, Jerzy Jesus"]
[Black "Dieguez Alvarez, Mario Enrique"]
[Result "0-1"]
[WhiteElo "2308"]
[BlackElo "2298"]
[PlyCount "78"]
[EventDate "2018.09.20"]
[EventType "team-tourn"]
[EventRounds "10"]
[EventCountry "CUB"]
[SourceTitle "EXT 2021"]
[Source "ChessBase"]
[SourceDate "2020.10.23"]
[SourceVersion "1"]
[SourceVersionDate "2020.10.23"]
[SourceQuality "1"]

1. e4 e5 2. Nf3 Nc6 3. Bb5 a6 4. Ba4 Nf6 5. 0-0 Be7 6. Re1 b5 7. Bb3 d6 8. c3 0-0 9. h3 Na5 10. Bc2 c5 11. d4 Nd7 12. a4 Bb7 13. d5 Nb6 14. Nbd2 c4 15. Nf1 Bc8 16. axb5 axb5 17. g4 h5 18. Ne3 hxg4 19. hxg4 g6 20. Kg2 Kg7 21. Qe2 Nb7 22. Rb1 Rh8 23. Bd2 Bd7 24. Rh1 Qc7 25. g5 Nc5 26. Nh4 Qb7 27. Ng4 Bxg4 28. Qxg4 Nxd5 29. f3 Nf4+ 30. Bxf4 exf4 31. Nf5+ gxf5 32. exf5 Rag8 33. Rxh8 Rxh8 34. Re1 Kf8 35. f6 Bd8 36. Qxf4 Qd5 37. Bf5 Rh5 38. Bg4 Nd3 39. Qe3 Nxe1+ 0-1

[Event "Agosto de Victorias tt"]
[Site "Mayabeque"]
[Date "2018.08.05"]
[Round "3.2"]
[White "Dieguez Alvarez, Mario Enrique"]
[Black "Alvarez Fernandez, Carlos Rene"]
[Result "1/2-1/2"]
[WhiteElo "2331"]
[BlackElo "2365"]
[PlyCount "96"]
[EventDate "2018.08.04"]
[EventType "team-tourn"]
[EventRounds "10"]
[EventCountry "CUB"]
[SourceTitle "EXT 2021"]
[Source "ChessBase"]
[SourceDate "2020.10.23"]
[SourceVersion "1"]
[SourceVersionDate "2020.10.23"]
[SourceQuality "1"]
[WhiteTeam "Las Tunas"]
[BlackTeam "Cotorro"]
[WhiteTeamCountry "CUB"]
[BlackTeamCountry "CUB"]

1. e4 e6 2. d4 d5 3. Bd3 Nf6 4. e5 Nfd7 5. f4 c5 6. c3 Nc6 7. Nf3 cxd4 8. cxd4 Qb6 9. Bc2 Nb4 10. 0-0 Nxc2 11. Qxc2 Be7 12. Nc3 0-0 13. Kh1 f5 14. Rg1 Qd8 15. g4 Nb6 16. Be3 Bd7 17. Rg3 Be8 18. Rag1 Bg6 19. gxf5 Rxf5 20. Rxg6 hxg6 21. Rxg6 Qe8 22. Rxe6 Qh5 23. Qg2 Kf7 24. Rxb6 axb6 25. Nxd5 Rxa2 26. Ng1 Ra1 27. Nxe7 Kxe7 28. d5 g5 29. d6+ Ke6 30. d7 Qd1 31. Bd2 Qxg1+ 32. Qxg1 Rxg1+ 33. Kxg1 Kxd7 34. fxg5 Rxe5 35. h4 Ke6 36. h5 Rd5 37. Be3 Kf5 38. Kf2 Rd1 39. g6 Kf6 40. Kf3 Kg7 41. Kg4 Rd5 42. Bxb6 Rb5 43. Bd4+ Kh6 44. Be3+ Kg7 45. Bd2 Rd5 46. Be3 Rb5 47. Bf4 Rd5 48. Be3 Rb5 1/2-1/2

[Event "Agosto de Victorias tt"]
[Site "Mayabeque"]
[Date "2018.08.05"]
[Round "4.3"]
[White "Fernandez Guillen, Ernesto J"]
[Black "Dieguez Alvarez, Mario Enrique"]
[Result "1/2-1/2"]
[WhiteElo "2399"]
[BlackElo "2331"]
[PlyCount "109"]
[EventDate "2018.08.04"]
[EventType "team-tourn"]
[EventRounds "10"]
[EventCountry "CUB"]
[SourceTitle "EXT 2021"]
[Source "ChessBase"]
[SourceDate "2020.10.23"]
[SourceVersion "1"]
[SourceVersionDate "2020.10.23"]
[SourceQuality "1"]
[WhiteTeam "Havana"]
[BlackTeam "Las Tunas"]
[WhiteTeamCountry "CUB"]
[BlackTeamCountry "CUB"]

1. e4 e5 2. Nf3 Nc6 3. d4 exd4 4. Nxd4 Bc5 5. Be3 Qf6 6. c3 Nge7 7. Bc4 Ne5 8. Be2 Qg6 9. 0-0 d6 10. f3 0-0 11. Nd2 Kh8 12. f4 Ng4 13. Bxg4 Bxg4 14. Qb3 f5 15. Qxb7 fxe4 16. Rae1 Rab8 17. Qxe4 Nf5 18. Bf2 Rxb2 19. Nc4 Rxa2 20. Ne6 Rxf2 21. Rxf2 Bxf2+ 22. Kxf2 Re8 23. Qc6 Nh6 24. Nd4 Rxe1 25. Kxe1 Qd3 26. Na5 Qe3+ 27. Kf1 Qxf4+ 28. Kg1 Qe5 29. h3 Bxh3 30. Qxc7 Qe3+ 31. Kh1 Qe4 32. Nf3 Bg4 33. Nd4 Be6 34. Nxe6 Qxe6 35. Nb7 d5 36. Nd8 Qf6 37. Qc8 Ng8 38. Qd7 h6 39. Qxd5 Qxc3 40. Nf7+ Kh7 41. Qe4+ g6 42. Ne5 Qc1+ 43. Kh2 Qg5 44. Qd4 Qe7 45. Kh1 a5 46. Nc6 Qc7 47. Qa4 Nf6 48. Nxa5 h5 49. Nc6 Qg3 50. Qa7+ Kh6 51. Qe7 Qc3 52. Nd8 Qa1+ 53. Kh2 Qe5+ 54. Qxe5 Ng4+ 55. Kg3 1/2-1/2

[Event "Agosto de Victorias tt"]
[Site "Mayabeque"]
[Date "2018.08.04"]
[Round "1.3"]
[White "Dieguez Alvarez, Mario Enrique"]
[Black "Rodriguez Hernandez, Luis Daniel"]
[Result "0-1"]
[WhiteElo "2331"]
[BlackElo "2314"]
[PlyCount "66"]
[EventDate "2018.08.04"]
[EventType "team-tourn"]
[EventRounds "10"]
[EventCountry "CUB"]
[SourceTitle "EXT 2021"]
[Source "ChessBase"]
[SourceDate "2020.10.23"]
[SourceVersion "1"]
[SourceVersionDate "2020.10.23"]
[SourceQuality "1"]
[WhiteTeam "Las Tunas"]
[BlackTeam "Matanzas"]
[WhiteTeamCountry "CUB"]
[BlackTeamCountry "CUB"]

1. e4 e5 2. Nf3 Nc6 3. Bb5 a6 4. Ba4 Nf6 5. d3 d6 6. c3 Be7 7. 0-0 0-0 8. Re1 b5 9. Bc2 d5 10. Nbd2 d4 11. cxd4 exd4 12. a3 Bg4 13. h3 Bh5 14. Nf1 Bxf3 15. Qxf3 Nd7 16. Qe2 a5 17. b3 Nc5 18. f4 f5 19. exf5 Qd5 20. Rb1 b4 21. a4 Rae8 22. Qf2 Rxf5 23. Nd2 Ne6 24. Nc4 Ref8 25. Re4 Bd6 26. g3 g5 27. Qe2 R5f6 28. Qg4 Rg6 29. f5 Rxf5 30. Bd2 Rgf6 31. Rbe1 Ng7 32. Nxd6 cxd6 33. Bd1 Ne5 0-1

[Event "Guillermo Garcia Memorial op 27th"]
[Site "Santa Clara"]
[Date "2018.05.29"]
[Round "7"]
[White "Dieguez Alvarez, Mario Enrique"]
[Black "Elias Reyes, Jorge Roberto"]
[Result "1/2-1/2"]
[WhiteElo "2320"]
[BlackElo "2300"]
[PlyCount "110"]
[EventDate "2018.05.22"]
[EventType "swiss"]
[EventRounds "9"]
[EventCountry "CUB"]
[SourceTitle "CBM 184 Extra"]
[Source "ChessBase"]
[SourceDate "2018.06.28"]
[SourceVersion "1"]
[SourceVersionDate "2018.06.28"]
[SourceQuality "1"]

1. e4 c5 2. Nf3 d6 3. d4 cxd4 4. Nxd4 Nf6 5. Nc3 a6 6. Qf3 g6 7. h3 Bg7 8. Be3 Bd7 9. 0-0-0 Nc6 10. g4 0-0 11. Kb1 Rc8 12. g5 Nh5 13. Nxc6 Bxc6 14. Nd5 f5 15. gxf6 Nxf6 16. Nxf6+ Rxf6 17. Bc4+ Kh8 18. Qg4 Bd7 19. Qe2 Qa5 20. Bb3 Rff8 21. h4 Qe5 22. Bd4 Qh5 23. Qd2 Bc6 24. Bd5 Bxd4 25. Qxd4+ e5 26. Qe3 Qf3 27. h5 gxh5 28. Qh6 Bxd5 29. exd5 Rf6 30. Qxh5 Qxh5 31. Rxh5 Rxf2 32. c3 Rcf8 33. Rdh1 Rf1+ 34. Kc2 Rxh1 35. Rxh1 Rf2+ 36. Kb3 Rg2 37. Rh4 Rd2 38. c4 b5 39. Kc3 Rd1 40. b3 bxc4 41. bxc4 Kg7 42. Rg4+ Kf6 43. Rh4 Kg6 44. Rg4+ Kf5 45. Rh4 e4 46. Rxh7 Rd3+ 47. Kc2 Ke5 48. Rh6 Ra3 49. Kb2 Rg3 50. Re6+ Kd4 51. Rxd6 e3 52. Re6 Kxc4 53. d6 Rg2+ 54. Kc1 Rd2 55. Rxe3 Rxd6 1/2-1/2

[Event "Guillermo Garcia Memorial op 27th"]
[Site "Santa Clara"]
[Date "2018.05.26"]
[Round "5"]
[White "Dieguez Alvarez, Mario Enrique"]
[Black "Lemus Morales, Diego Enrique"]
[Result "1-0"]
[WhiteElo "2320"]
[BlackElo "2160"]
[PlyCount "91"]
[EventDate "2018.05.22"]
[EventType "swiss"]
[EventRounds "9"]
[EventCountry "CUB"]
[SourceTitle "CBM 184 Extra"]
[Source "ChessBase"]
[SourceDate "2018.06.28"]
[SourceVersion "1"]
[SourceVersionDate "2018.06.28"]
[SourceQuality "1"]

1. e4 e5 2. Nf3 Nc6 3. Bb5 a6 4. Ba4 Nf6 5. d3 b5 6. Bb3 Be7 7. 0-0 0-0 8. Nc3 d6 9. a3 Be6 10. Nd5 Bxd5 11. exd5 Nd4 12. Nxd4 exd4 13. Ba2 Ne8 14. Qg4 Bf6 15. b4 Qc8 16. Qxc8 Rxc8 17. a4 Rb8 18. axb5 axb5 19. Bb3 Rb7 20. Bb2 g6 21. Rae1 Ng7 22. g4 Rbb8 23. f4 h6 24. Re4 Rfe8 25. Rfe1 Kf8 26. Kg2 g5 27. fxg5 hxg5 28. h3 Rxe4 29. Rxe4 Re8 30. Kf3 Rxe4 31. Kxe4 Ke7 32. Bxd4 Bxd4 33. Kxd4 f5 34. c3 fxg4 35. hxg4 Ne8 36. Bd1 Nf6 37. Bf3 Kd8 38. c4 Kc8 39. Be4 Kb7 40. Bf5 Ka7 41. c5 Kb7 42. Bd7 dxc5+ 43. bxc5 Nxd7 44. c6+ Kc8 45. cxd7+ Kxd7 46. Kc5 1-0

[Event "Capablanca Memorial op 53rd"]
[Site "Havana"]
[Date "2018.05.15"]
[Round "6"]
[White "Dieguez Alvarez, Mario Enrique"]
[Black "Soto, Miguel Angel"]
[Result "1/2-1/2"]
[WhiteElo "2320"]
[BlackElo "2141"]
[PlyCount "98"]
[EventDate "2018.05.09"]
[EventType "swiss"]
[EventRounds "10"]
[EventCountry "CUB"]
[SourceTitle "EXT 2021"]
[Source "ChessBase"]
[SourceDate "2020.10.23"]
[SourceVersion "1"]
[SourceVersionDate "2020.10.23"]
[SourceQuality "1"]

1. e4 e6 2. d4 d5 3. Bd3 dxe4 4. Bxe4 c5 5. Ne2 Nf6 6. Bf3 Nc6 7. Be3 Nd5 8. Bxd5 Qxd5 9. Nbc3 Qd8 10. dxc5 Qxd1+ 11. Rxd1 Bd7 12. Nd4 Nxd4 13. Bxd4 Bc6 14. f3 f6 15. Be3 Be7 16. b4 a6 17. Kf2 Kf7 18. Ne4 Rhc8 19. c4 Rd8 20. Ke2 f5 21. Rxd8 Rxd8 22. Nd2 Bf6 23. Nb3 Ba4 24. Rd1 Rxd1 25. Kxd1 e5 26. Ke2 Bd8 27. Nd2 Bc7 28. Nb1 e4 29. f4 Bc2 30. Na3 Bd3+ 31. Kd2 g5 32. g3 gxf4 33. Bxf4 Bxf4+ 34. gxf4 Ke7 35. Kc3 Kd7 36. Kd4 Kc7 37. h4 h5 38. Kc3 Kd7 39. Kb3 Kc7 40. Nc2 Bxc2+ 41. Kxc2 Kd7 42. Kb3 Kc7 43. a4 Kd7 44. a5 Kc7 45. b5 Kd7 46. Kc3 Kc7 47. Kd4 Kd7 48. c6+ bxc6 49. b6 Kc8 1/2-1/2

[Event "Moncada Cup-B"]
[Site "Santiago de Cuba"]
[Date "2018.03.24"]
[Round "6"]
[White "Dieguez Alvarez, Mario Enrique"]
[Black "Duarte Napoles, Fanny"]
[Result "1-0"]
[WhiteElo "2319"]
[BlackElo "2270"]
[PlyCount "157"]
[EventDate "2018.03.20"]
[EventType "tourn"]
[EventRounds "10"]
[EventCountry "CUB"]
[EventCategory "1"]
[SourceTitle "EXT 2021"]
[Source "ChessBase"]
[SourceDate "2020.10.23"]
[SourceVersion "1"]
[SourceVersionDate "2020.10.23"]
[SourceQuality "1"]

1. e4 e5 2. Nf3 Nc6 3. Bb5 a6 4. Ba4 d6 5. c3 f5 6. d3 Nf6 7. Bg5 Be7 8. Nbd2 0-0 9. Bxf6 Bxf6 10. Bxc6 bxc6 11. Qa4 Qe8 12. 0-0-0 fxe4 13. dxe4 Be6 14. Kb1 a5 15. h3 Ra6 16. Nf1 Qb8 17. Ne3 Qb6 18. Rd2 Rb8 19. Ka1 Qc5 20. h4 Kh8 21. Rhd1 Rab6 22. g3 Be7 23. Ne1 Rb5 24. Nd3 Qa7 25. Rc1 Qa6 26. c4 R5b7 27. Rc3 h6 28. Rdc2 c5 29. Ra3 Ra7 30. Nd5 Bf8 31. Rcc3 c6 32. Ne3 Rb4 33. Qc2 a4 34. Qc1 Qc8 35. Rc2 Rb8 36. Rd2 Qe8 37. Qd1 Rba8 38. f4 exf4 39. gxf4 Bg8 40. e5 Rf7 41. Qg4 dxe5 42. Nxe5 Rf6 43. h5 Bh7 44. Ng2 Bf5 45. Qe2 Rd8 46. Rxd8 Qxd8 47. Nh4 Qd4 48. Qe1 Bc2 49. Rc3 Be4 50. Re3 a3 51. Rxa3 Kh7 52. Nhg6 Rd6 53. Rc3 Rd8 54. Rc1 Kg8 55. a3 Rb8 56. Qc3 Bd6 57. Qxd4 cxd4 58. b4 c5 59. b5 Ra8 60. Kb2 Bc7 61. Re1 Bg2 62. Re2 Bh3 63. Nd3 Bf1 64. Re7 Bd6 65. Rd7 Bxd3 66. Rxd6 Bxc4 67. b6 Rb8 68. a4 Ba6 69. a5 Bb7 70. Kb3 Ra8 71. Ka4 Bf3 72. Ne5 Bd1+ 73. Kb5 Be2+ 74. Kc6 Bf1 75. b7 Bg2+ 76. Kb6 Bxb7 77. Kxb7 Rxa5 78. Rd8+ Kh7 79. Ng6 1-0

[Event "Adelquis Remon Memorial-B"]
[Site "Holguin"]
[Date "2017.11.05"]
[Round "6.2"]
[White "Dieguez Alvarez, Mario Enrique"]
[Black "Campos Jimenez, Augusto Cesar"]
[Result "1/2-1/2"]
[WhiteElo "2296"]
[BlackElo "2283"]
[PlyCount "107"]
[EventDate "2017.11.02"]
[EventType "tourn"]
[EventRounds "10"]
[EventCountry "CUB"]
[EventCategory "1"]
[SourceTitle "EXT 2023"]
[Source "ChessBase"]
[SourceDate "2022.10.05"]
[SourceVersion "1"]
[SourceVersionDate "2022.10.05"]
[SourceQuality "1"]

1. e4 e5 2. Nf3 Nc6 3. Bb5 a6 4. Ba4 Nf6 5. 0-0 b5 6. Bb3 Bb7 7. Re1 Be7 8. d4 d6 9. c3 0-0 10. Nbd2 exd4 11. cxd4 Nb4 12. Qe2 c5 13. a3 Nc6 14. e5 dxe5 15. dxe5 Nh5 16. Nf1 c4 17. Bc2 f5 18. exf6 Bxf6 19. Qe6+ Kh8 20. Qg4 g6 21. Bh6 Bg7 22. Bxg7+ Nxg7 23. Ng5 Qf6 24. Qh4 Nh5 25. Re6 Qf4 26. Re4 Qxh4 27. Rxh4 Rf4 28. Rxf4 Nxf4 29. Nf7+ Kg7 30. Nd6 Nd4 31. Nxb7 Nxc2 32. Rd1 Nd3 33. Rd2 Nd4 34. Ne3 Rf8 35. Nd6 Rd8 36. Ne4 Nb3 37. Rc2 Ndc5 38. Nxc5 Nxc5 39. Kf1 Rd3 40. Ke2 Na4 41. Nxc4 bxc4 42. Rxc4 Nxb2 43. Rb4 Rxa3 44. Rxb2 h5 45. Rb6 Kf7 46. f4 a5 47. Ra6 a4 48. Kf2 h4 49. Ke2 Kg7 50. Kf2 Kh6 51. h3 Ra2+ 52. Kf3 a3 53. Ra8 Kg7 54. Ra6 1/2-1/2